| 000 | 00434nam a2200157Ia 4500 | ||
|---|---|---|---|
| 008 | 220216s9999 xx 000 0 und d | ||
| 100 | _aMartin G | ||
| 245 | 0 | _aRubber from latex coagulated with sulphuric acid | |
| 260 |
_bJournal of the Rubber Research Institute of Malaya _c1934 |
||
| 300 | _a282-298 | ||
| 650 | _aLatex coagulation | ||
| 650 | _aRubber Latex | ||
| 650 | _aSulphuric acid | ||
| 700 | _aDavey W S | ||
| 942 | _cJS | ||
| 999 |
_c67612 _d67612 |
||